| 000 | 00600nam a22001817a 4500 | ||
|---|---|---|---|
| 999 |
_c58308 _d58308 |
||
| 005 | 20211102160723.0 | ||
| 008 | 211102s2007 enk||||| |||| 00| 0 rus d | ||
| 020 | _a9788779899919 | ||
| 041 | _arus | ||
| 080 | _a159.964 Х-12 | ||
| 100 |
_aХаббард, Рональд Лафайет _912701 |
||
| 245 |
_aСаентология 0-8 : _bКнига основ / _c Л. Рон Хаббард. |
||
| 264 |
_aМ. : _b"Нью Эра", _c2007. |
||
| 300 |
_a539 с. : _b ил. ; _c24 см. |
||
| 653 | _a დიანეტიკა | ||
| 653 | _aსაენტოლოგია | ||
| 942 |
_2udc _cBK |
||